Central Library and Information Centre
Sibsagar Girls' College, Sivasagar : Assam

INDIAN ECONOMICS (Record no. 6413)

MARC details
000 -LEADER
fixed length control field 00409cam a2200181ua 4500
008 - FIXED-LENGTH DATA ELEMENTS--GENERAL INFORMATION
fixed length control field 110730n1981 II |||gr||||Z||||||eng
040 ## - CATALOGING SOURCE
Original cataloging agency MAIN
041 ## - LANGUAGE CODE
-- English
082 ## - DEWEY DECIMAL CLASSIFICATION NUMBER
Classification number 330.54 DEW
100 ## - MAIN ENTRY--PERSONAL NAME
Personal name DEWELT , K.K .
245 ## - TITLE STATEMENT
Title INDIAN ECONOMICS
260 ## - PUBLICATION, DISTRIBUTION, ETC.
Place of publication, distribution, etc. NEW DELHI
Name of publisher, distributor, etc. S.CHAND & COMPANY
Date of publication, distribution, etc. 1981
300 ## - PHYSICAL DESCRIPTION
Extent 891.
700 ## - ADDED ENTRY--PERSONAL NAME
Personal name VARMA , J.D.
942 ## - ADDED ENTRY ELEMENTS (KOHA)
Koha item type Books
653 ## - INDEX TERM--UNCONTROLLED
Uncontrolled term INDIAN ECONOMY
Holdings
Withdrawn status Lost status Damaged status Not for loan Collection code Home library Current library Shelving location Date acquired Full call number Barcode Date last seen Copy number Price effective from Koha item type Public note
        TBECO Central Library and Information Centre Sibsagar Girls College Central Library and Information Centre Sibsagar Girls College ECONOMICS BOOK RACK 27.03.1980 330.54 DEW 05820 27.02.2020 1 27.02.2020 Books V


Sibsagar Girl's College © 2020. All rights reserved.
Powered by Koha.
Maintained by Abhijit Borpuzari.